| 000 | 005780000a22002050004500 | ||
|---|---|---|---|
| 003 | LK-CoMWRAF | ||
| 005 | 20230922184622.0 | ||
| 008 | 230817t1984 ||||| |||| 00| 0 eng d | ||
| 040 |
_aLK-CoMWRAF _dLK-CoMWRAF _eLK-CoMWRAF |
||
| 041 | _aeng | ||
| 082 |
_a297.38 _bGHA |
||
| 100 | _aGhali, Mohammad Mahmoud | ||
| 245 |
_aAl-Salat : _bPrayer |
||
| 260 |
_aCairo : _bThe Supreme Council for Islamic Affairs, _c1984 |
||
| 300 | _a23p | ||
| 490 | _aEssentails of Islam Series | ||
| 650 | _aIslam -- Prayers and devotions | ||
| 650 | _aMuslims -- Conduct of life | ||
| 942 | _cBK | ||
| 999 |
_c2000 _d2000 |
||